Pokemon from their Pokedex entries #2 - Statistics

General Stats
  • This quiz has been taken 44 times
  • The average score is 11 of 15
Answer Stats
Entry Answer % Correct
For many generations, it has feuded with Zangoose. It whets its bladed tail on rocks for battle. Seviper
94%
It punches with its four arms at blinding speed. It can launch 1,000 punches in two seconds. Machamp
91%
To avoid being attacked, it does nothing but mimic a tree. It hates water and flees from rain. Sudowoodo
91%
It sleeps in a deep-sea trench. If it flaps its wings, it is said to cause a 40-day storm. Lugia
82%
A rare Pokémon discovered during a deep-sea exploration. It has not changed in over 100 million years. Relicanth
82%
Always carrying squared logs, they help out with construction. As they grow, they carry bigger logs. Timburr
82%
The chances of two ______ having identical spot patterns is less than one in four billion. Spinda
79%
This Ultra Beast appeared from another world. It shows off its body, but whether that display is a boast or a threat remains unclear. Buzzwole
74%
It remains asleep from birth to death as a result of the sedative properties of the leaves that form its diet. Komala
74%
Its constant mischief and misdeeds resulted in it being bound to an Odd Keystone by a mysterious spell. Spiritomb
74%
Its legs are short. Whenever it stumbles, its stiff antennae clack with a xylophone-like sound. Kricketot
71%
Dreaming of one day flying, it practices by leaping off cliffs every day. Bagon
65%
Since it can't generate its own electricity, it sticks onto large-bodied Pokémon and absorbs static electricity. Joltik
65%
To protect itself, it afflicts those around it with nightmares. However, it means no harm. Darkrai
56%
The soles of its feet are covered by countless tiny spikes, enabling it to walk on walls and ceilings. Treecko
24%
No matching quizzes found
Score Distribution
Percent of People with Each Score
Percentile by Number Answered
Your Score History
You have not taken this quiz